书目信息 |
| 题名: |
大学英语课程教学设计与实践
|
|
| 作者: | 康静雯 , 黄婧 , 李伟 著 | |
| 分册: | ||
| 出版信息: | 北京 中国纺织出版社有限公司 2022.05 |
|
| 页数: | 256页 | |
| 开本: | 21cm | |
| 丛书名: | ||
| 单 册: | ||
| 中图分类: | H319.3 | |
| 科图分类: | ||
| 主题词: | 英语--ying yu--教学设计--研究--高等学校 | |
| 电子资源: | ||
| ISBN: | 978-7-5180-9398-4 | |
| 000 | 01041nam0 2200253 450 | |
| 001 | 011025153307 | |
| 005 | 20221025153307.0 | |
| 010 | @a978-7-5180-9398-4@dCNY68.00 | |
| 100 | @a20201004d2022 em y0chiy50 ea | |
| 101 | 0 | @achi |
| 102 | @aCN@b110000 | |
| 105 | @aa z 000yy | |
| 106 | @ar | |
| 200 | 1 | @a大学英语课程教学设计与实践@Ada xue ying yu ke cheng jiao xue she ji yu shi jian@f康静雯, 黄婧, 李伟著 |
| 210 | @a北京@c中国纺织出版社有限公司@d2022.05 | |
| 215 | @a256页@d21cm | |
| 330 | @a本书共分四章,内容包括:全人教育理论及以全人教育为导向的大学英语教育理念、以全人教育为导向的大学英语通用课程教学设计与实践、以全人教育为导向的大学英语专门用途课和通识课教学设计与实践、以全人教育为导向的跨文化交际课程教学设计与实践。 | |
| 510 | 1 | @aTeaching design and practice of college English courses@zeng |
| 606 | 0 | @a英语@Aying yu@x教学设计@x研究@x高等学校 |
| 690 | @aH319.3@v5 | |
| 701 | 0 | @a康静雯@Akang jing wen@4著 |
| 701 | 0 | @a黄婧@Ahuang jing@4著 |
| 701 | 0 | @a李伟@Ali wei@4著 |
| 905 | @a河南城建学院图书馆@dH319.3@eK257 | |
| 大学英语课程教学设计与实践/康静雯, 黄婧, 李伟著.-北京:中国纺织出版社有限公司,2022.05 |
| 256页;21cm |
| ISBN 978-7-5180-9398-4:CNY68.00 |
| 本书共分四章,内容包括:全人教育理论及以全人教育为导向的大学英语教育理念、以全人教育为导向的大学英语通用课程教学设计与实践、以全人教育为导向的大学英语专门用途课和通识课教学设计与实践、以全人教育为导向的跨文化交际课程教学设计与实践。 |
| ● |
| 相关链接 |
|
|
|
正题名:大学英语课程教学设计与实践
索取号:H319.3/K257
 
预约/预借
| 序号 | 登录号 | 条形码 | 馆藏地/架位号 | 状态 | 备注 |
| 1 | 1587376 | 215873767 | 语言库209/209语言库 42排4列2层/ [索取号:H319.3/K257] | 在馆 | |
| 2 | 1587377 | 215873776 | 语言库209/209语言库 42排4列2层/ [索取号:H319.3/K257] | 在馆 |